The BBC microcomputer for beginners

محفوظ في:
التفاصيل البيبلوغرافية
المؤلف الرئيسي: Seamus Dunn
التنسيق: كتاب
اللغة:Undetermined
منشور في: New Delhi Prentice-Hall of India private Ltd 1987
الموضوعات:
الوسوم: إضافة وسم
لا توجد وسوم, كن أول من يضع وسما على هذه التسجيلة!
Thư viện lưu trữ: Trung tâm Học liệu Trường Đại học Cần Thơ
LEADER 00519nam a2200169Ia 4500
001 CTU_5112
008 210402s9999 xx 000 0 und d
082 |a 004 
082 |b D923 
100 |a Seamus Dunn 
245 4 |a The BBC microcomputer for beginners 
245 0 |c Seamus Dunn, Valerie Morgan 
260 |a New Delhi 
260 |b Prentice-Hall of India private Ltd 
260 |c 1987 
650 |a computers,programming languages ( electronic computers ) 
980 |a Trung tâm Học liệu Trường Đại học Cần Thơ